<?xml version="1.0" encoding="UTF-8"?>
<record
    xmlns:xsi="http://www.w3.org/2001/XMLSchema-instance"
    xsi:schemaLocation="http://www.loc.gov/MARC21/slim http://www.loc.gov/standards/marcxml/schema/MARC21slim.xsd"
    xmlns="http://www.loc.gov/MARC21/slim">

  <leader>01479ngm a2200397 u 4500</leader>
  <controlfield tag="001">1139097</controlfield>
  <controlfield tag="005">20260507085950.0</controlfield>
  <controlfield tag="007">vd||v</controlfield>
  <controlfield tag="008">090427s2008                        spa  </controlfield>
  <datafield tag="035" ind1=" " ind2=" ">
    <subfield code="a">1139097</subfield>
  </datafield>
  <datafield tag="040" ind1=" " ind2=" ">
    <subfield code="c">comduadb</subfield>
  </datafield>
  <datafield tag="041" ind1=" " ind2=" ">
    <subfield code="a">spa</subfield>
  </datafield>
  <datafield tag="080" ind1=" " ind2=" ">
    <subfield code="a">V</subfield>
  </datafield>
  <datafield tag="100" ind1="1" ind2="0">
    <subfield code="a">Garcia Rivera, Oseas</subfield>
    <subfield code="4">aut</subfield>
    <subfield code="e">aut</subfield>
    <subfield code="9">565199</subfield>
  </datafield>
  <datafield tag="245" ind1="1" ind2="0">
    <subfield code="a">Sostenibilidad de la MAPE en el nordeste antioque&#xF1;o</subfield>
  </datafield>
  <datafield tag="260" ind1=" " ind2=" ">
    <subfield code="a">Medell&#xED;n :</subfield>
    <subfield code="b">Universidad Nacional de Colombia. Facultad de Derecho, Ciencias Pol&#xED;ticas y Sociales,</subfield>
    <subfield code="c">2008.</subfield>
  </datafield>
  <datafield tag="300" ind1=" " ind2=" ">
    <subfield code="a">1 DVD (55 minutos) : sonido, color.</subfield>
  </datafield>
  <datafield tag="490" ind1="0" ind2=" ">
    <subfield code="a">Catedra Pedro Nel Gomez</subfield>
  </datafield>
  <datafield tag="505" ind1="8" ind2="0">
    <subfield code="t">Perspectivas sociales, ambientales y mineras del desarrollo carbonifero en el departamento del Cesar</subfield>
  </datafield>
  <datafield tag="650" ind1=" " ind2=" ">
    <subfield code="a">Oro</subfield>
    <subfield code="9">38474</subfield>
  </datafield>
  <datafield tag="650" ind1=" " ind2=" ">
    <subfield code="a">Oro - Aspectos econ&#xF3;micos</subfield>
    <subfield code="9">10233</subfield>
  </datafield>
  <datafield tag="650" ind1=" " ind2="7">
    <subfield code="a">Desarrollo regional</subfield>
    <subfield code="2">lemb</subfield>
    <subfield code="9">12437</subfield>
  </datafield>
  <datafield tag="650" ind1=" " ind2=" ">
    <subfield code="a">Producci&#xF3;n de oro</subfield>
    <subfield code="9">104014</subfield>
  </datafield>
  <datafield tag="650" ind1=" " ind2=" ">
    <subfield code="a">Planes estrat&#xE9;gicos</subfield>
    <subfield code="9">160743</subfield>
  </datafield>
  <datafield tag="650" ind1=" " ind2=" ">
    <subfield code="a">Nordeste antioque&#xF1;o - Miner&#xED;a</subfield>
    <subfield code="9">118468</subfield>
  </datafield>
  <datafield tag="650" ind1=" " ind2=" ">
    <subfield code="a">Explotaci&#xF3;n Aur&#xED;fera</subfield>
    <subfield code="9">175907</subfield>
  </datafield>
  <datafield tag="650" ind1=" " ind2=" ">
    <subfield code="a">Explotaci&#xF3;n minera</subfield>
    <subfield code="9">25622</subfield>
  </datafield>
  <datafield tag="650" ind1=" " ind2=" ">
    <subfield code="a">Produccion minera</subfield>
    <subfield code="9">30103</subfield>
  </datafield>
  <datafield tag="650" ind1=" " ind2=" ">
    <subfield code="a">Asistencia t&#xE9;cnica</subfield>
    <subfield code="9">43147</subfield>
  </datafield>
  <datafield tag="650" ind1=" " ind2="7">
    <subfield code="a">Miner&#xED;a</subfield>
    <subfield code="2">embne</subfield>
    <subfield code="9">63372</subfield>
  </datafield>
  <datafield tag="650" ind1=" " ind2=" ">
    <subfield code="a">Documental - Colombia</subfield>
    <subfield code="9">167055</subfield>
  </datafield>
  <datafield tag="650" ind1=" " ind2="7">
    <subfield code="a">Sostenibilidad</subfield>
    <subfield code="2">armarc</subfield>
    <subfield code="9">131917</subfield>
  </datafield>
  <datafield tag="700" ind1="1" ind2="0">
    <subfield code="a">Molina Escobar, Jorge Mart&#xED;n</subfield>
    <subfield code="4">edt</subfield>
    <subfield code="e">edt</subfield>
    <subfield code="9">553902</subfield>
  </datafield>
  <datafield tag="710" ind1=" " ind2="0">
    <subfield code="a">Universidad Nacional de Colombia (Medell&#xED;n). Facultad de Minas</subfield>
    <subfield code="4">aut</subfield>
    <subfield code="e">aut</subfield>
    <subfield code="9">828525</subfield>
  </datafield>
  <datafield tag="942" ind1=" " ind2=" ">
    <subfield code="c">BOOK</subfield>
  </datafield>
  <datafield tag="999" ind1=" " ind2=" ">
    <subfield code="c">497729</subfield>
    <subfield code="d">497729</subfield>
  </datafield>
  <datafield tag="952" ind1=" " ind2=" ">
    <subfield code="0">0</subfield>
    <subfield code="1">0</subfield>
    <subfield code="4">0</subfield>
    <subfield code="7">0</subfield>
    <subfield code="8">AUDIOBC</subfield>
    <subfield code="a">BC</subfield>
    <subfield code="b">BC</subfield>
    <subfield code="d">2009-04-27</subfield>
    <subfield code="e">Material adquirido por donaci&#xF3;n</subfield>
    <subfield code="i">C1043767</subfield>
    <subfield code="l">0</subfield>
    <subfield code="o">V-00769 DVD 7-8</subfield>
    <subfield code="p">0688211</subfield>
    <subfield code="r">2023-04-28 00:00:00</subfield>
    <subfield code="t">1</subfield>
    <subfield code="w">2023-04-28</subfield>
    <subfield code="y">DIGITAL</subfield>
  </datafield>
</record>
